Sociální práce recenzovaný odborný časopis

Uložené v:
Podrobná bibliografia
Médium: Seriál
Jazyk:Czech
Vydavateľské údaje: Brno Asociace vzdělavatelů v sociální práci 2021
Tagy: Pridať tag
Žiadne tagy, Buďte prvý, kto otaguje tento záznam!

MARC

LEADER 00000nas2a2200000 4500
001 0273278
005 20240827141950.5
022 |a 1213-6204 
041 0 |a cze 
044 |a CZ 
245 1 0 |a Sociální práce  |b recenzovaný odborný časopis 
264 1 |a Brno  |b Asociace vzdělavatelů v sociální práci  |c 2021 
500 |a Č. 1/2021 v angličtine nevyšlo v printovej verzii 
773 0 |w eu_un_cat*0034221 
774 0 |w eu_un_cat*0303856